| 000 | 01212nam a22003497a 4500 | ||
|---|---|---|---|
| 003 | CHAP | ||
| 005 | 20220329134205.0 | ||
| 008 | 971013s1992 r 00010 d | ||
| 010 | _a16708 | ||
| 011 | _a17680 | ||
| 035 | _a21763 | ||
| 040 | _cCHAP | ||
| 090 | _aTesis | ||
| 100 | 0 | 0 |
_aJaimes Bautista, Abel. _960928 |
| 245 | _aControl químico de malezas en maíz (Zea mays L.) en el suroeste del Estado de México | ||
| 260 |
_aChapingo, Méx. : _bEl autor, _c1992 |
||
| 300 | _a43 h. | ||
| 502 | _aTesis (Ing. Agr. Esp. en Parasitología Agrícola) -- UACH. Departamento de Parasitología Agrícola | ||
| 590 |
_aALEPH _b10 _c20130110 _lUCH01 _h1239 |
||
| 590 |
_aBATCH-UPD _b10 _c20130110 _lUCH01 _h0908 |
||
| 590 |
_aBATCH-UPD _b10 _c20130410 _lUCH01 _h0534 |
||
| 590 |
_aBATCH-UPD _b10 _c20130914 _lUCH01 _h1607 |
||
| 590 |
_aCONVERSION _b10 _c20130109 _lUCH01 _h1310 |
||
| 650 | 1 | 4 |
_aHerbicidas. _953691 |
| 650 | 1 | 4 |
_aMaíz _xMalas hierbas _xControl. _971003 |
| 650 | 1 | 4 |
_aMaíz _zMéxico (Edo.). _971099 |
| 901 | _aBK | ||
| 942 | _cFOLL | ||
| 949 |
_bBC _cTES _d-50615 _eTS1 _h26831 _i21763 _si |
||
| 949 |
_bBC _cTES _d-50617 _eTS2 _fc.2 _h26832 _i21763 _si |
||
| 949 |
_bBC _cTES _d-50618 _eTS2 _fc.3 _h26833 _i21763 _si |
||
| 999 |
_c16708 _d16708 |
||